| 000 | 00788nam a22002531 4500 | ||
|---|---|---|---|
| 001 | 29811 | ||
| 003 | BD-RjUL | ||
| 005 | 20211209051450.0 | ||
| 008 | 140407r19471944enka b 001 0 eng d | ||
| 035 | _a(BD-RjUL)29896 | ||
| 035 | _a(OCoLC)948854 | ||
| 040 |
_aDLC _cDNLM _dOAU _dDLC _dBD-RjUL _beng |
||
| 041 | _aeng | ||
| 082 | 0 | 0 |
_a136.7 _bFOL 1947 |
| 100 | 1 |
_aFordham, Michael, _d1905- _989963 |
|
| 245 | 1 | 4 |
_aThe life of childhood : _ba contribution to analytical psychology / _cMichael Fordham. |
| 260 |
_aLondon : _bPaul, Trench, Trubner, _c1944 [impression 1947]. |
||
| 300 |
_aviii, 154 p. : _bill. ; _c22 cm |
||
| 504 | _aIncludes bibliographical references and index. | ||
| 650 | 0 |
_aChild psychology. _990735 |
|
| 942 |
_2ddc _cBK |
||
| 999 |
_c29811 _d29811 |
||